| 000 | 00555nam a22001817a 4500 | ||
|---|---|---|---|
| 005 | 20251108164909.0 | ||
| 008 | 250721s9999 xx 000 0 ara d | ||
| 082 | 1 | 4 | _a216.532/قطب |
| 100 | 1 | _aقطب، محمد علي | |
| 245 | 1 | 0 | _aأولادنا في ضوء التربية الإسلامية / |
| 264 | 1 |
_aالقاهرة : _bمكتبة القرآن، _c[19-]. |
|
| 300 | _a128ص | ||
| 650 | 1 | 7 | _aالتربية |
| 650 | 1 | 7 | _aالعلاقات داخل الأسرة |
| 650 | 1 | 7 | _aالحقوق الأسرية |
| 942 |
_2ddc _cBK |
||
| 999 |
_c16949 _d16949 |
||